| 000 | 00684nam a2200205 i 4500 | ||
|---|---|---|---|
| 001 | 5994 | ||
| 003 | ES-MaACL | ||
| 005 | 20230906144745.0 | ||
| 008 | 890620s1982 mx |||| | spa d | ||
| 020 | _a968-16-0822-4 | ||
| 080 | _a9(42:46)"1558/1660" | ||
| 100 | 1 |
_aMaltby, William S. _975863 |
|
| 245 | 1 | 3 |
_aLa leyenda negra en Inglaterra _b: desarrollo del sentimiento antihispánico (1558-1660) / _cWilliam S. Maltby. |
| 250 | _a1ª ed. | ||
| 260 |
_aMéxico : _bFondo de Cultura Económica, _c1982. |
||
| 300 |
_a181 p. ; _c21 cm. |
||
| 651 | 4 |
_aEspaña- _xHistoria- _xLeyenda negra. _98346 |
|
| 651 | 4 |
_aGran Bretaña- _xRelaciones- _zEspaña. _9143993 |
|
| 852 |
_aES-MaACL _jF-823 |
||
| 999 |
_c5994 _d5994 |
||